|
|
|
|
| LEADER |
00000nam0a2200000 4500 |
| 001 |
301182 |
| 005 |
20231102001357.0 |
| 020 |
|
|
|a RU
|b 83-11998
|
| 035 |
|
|
|a (RuTPU)RU\TPU\book\326335
|
| 090 |
|
|
|a 301182
|
| 100 |
|
|
|a 20150724d1983 km y0rusy5003 ca
|
| 101 |
0 |
|
|a rus
|
| 102 |
|
|
|a RU
|
| 105 |
|
|
|a y z 001zy
|
| 200 |
1 |
|
|a Использование вторичного сырья и отходов в производстве
|e (Отечественный и зарубежный опыт, эффективность и тенденции)
|f под ред. В. Н. Ксинтариса, Я. А. Рекитара
|
| 210 |
|
|
|a Москва
|c Экономика
|d 1983
|
| 215 |
|
|
|a 167 с.
|
| 225 |
1 |
|
|a Для научных библиотек
|
| 300 |
|
|
|a Авт. указаны на 7-й с.
|
| 320 |
|
|
|a Библиогр.: с. 165-166
|
| 606 |
1 |
|
|a Вторичное сырье
|x Использование
|x Планирование
|x Автоматизация
|2 stltpush
|3 (RuTPU)RU\TPU\subj\3777
|9 32135
|
| 610 |
1 |
|
|a промышленные отходы
|
| 610 |
1 |
|
|a рациональное использование
|
| 610 |
1 |
|
|a экономическая эффективность
|
| 610 |
1 |
|
|a переработка
|
| 610 |
1 |
|
|a металлический лом
|
| 610 |
1 |
|
|a деревопереработка
|
| 610 |
1 |
|
|a химическая промышленность
|
| 610 |
1 |
|
|a пищевая промышленность
|
| 610 |
1 |
|
|a золошлаки
|
| 610 |
1 |
|
|a бытовые отходы
|
| 610 |
1 |
|
|a утилизация
|
| 675 |
|
|
|a 658.567.1
|z rus
|v 3
|
| 702 |
|
1 |
|a Ксинтарис
|b В. Н.
|g Василий Николаевич
|4 340
|
| 702 |
|
1 |
|a Рекитар
|b Я. А.
|4 340
|
| 801 |
|
0 |
|a RU
|b RuMRKP
|c 19950704
|g psbo
|
| 801 |
|
1 |
|a RU
|b 63413507
|c 20150724
|
| 801 |
|
2 |
|a RU
|b 63413507
|c 20190603
|g RCR
|
| 942 |
|
|
|c BK
|